Estadísticas para Himno de Chile

Haz click aquí para intentar la prueba.

Estadísticas generales

  • Esta prueba ha sido intentada 200 veces
  • La puntuación promedio es 44 de 71

Estadísticas de respuestas

Letra% Correcto
Chile
98%
Chile
98%
Puro
98%
cielo
97%
azulado
95%
es
95%
es
95%
es
95%
tu
93%
tu
93%
y
93%
y
93%
de
92%
de
92%
la
90%
la
90%
la
90%
la
90%
que
86%
que
86%
que
86%
que
86%
también
85%
te
85%
te
85%
te
85%
te
85%
flores
83%
brisas
82%
campo
81%
Edén
81%
feliz
79%
puras
78%
copia
77%
del
77%
montaña
75%
bordado
74%
blanca
73%
cruzan
72%
majestuosa
72%
por
65%
dio
64%
el
63%
el
63%
Señor
59%
mar
56%
ese
54%
baña
52%
tranquilo
51%
promete
44%
futuro
38%
esplendor
32%
con
27%
los
27%
los
27%
baluarte
26%
dulce
23%
o
22%
o
22%
patria
20%
asilo
18%
libres
16%
votos
16%
tumba
13%
contra
11%
juró
10%
opresión
10%
tus
9%
aras
7%
recibe
6%
serás
4%

Distribución de puntuación

Porcentaje por número respondido

Porcentaje de gente con cada puntuación

Historial de tus puntuaciones

No has intentado esta prueba.